000 00641 a2200205 4500
001 60389
005 20260407155855.0
008 260407a1980 arg spa d
003 AR-UNSa-BCEJYS
040 _aAR-UNSa-BCEJYS
_bspa
_cAR-UNSa-BCEJYS
080 _a316.334.3
_xSociología de subsistemas e instituciones políticas. Sociología política
245 1 0 _aCiencia y política
264 1 _aBuenos Aires :
_bCentro Editor de America Latina
_c1980
300 _a143 p.
_c18 cm.
505 _a1. La ciencia como profesión - 2.
041 _aspa
942 _cBK
590 _aniveau_biblio:m niveau_hierar:0
100 1 _aWeber, Max
999 _c6958
_d6958